|
|
|
|
| LEADER |
00000nab a2200000 a 4500 |
| 001 |
vtls000284828 |
| 003 |
SK-MaSNL |
| 005 |
20260302220113.0 |
| 008 |
111201c1987 xo 0 slo |
| 015 |
|
|
|a SNBRB19rr/mm-uuuuu
|
| 035 |
|
|
|a CL0294946
|
| 040 |
|
|
|a SNKBUCL
|b slo
|c SNKBUCL
|e AACR2
|
| 041 |
0 |
|
|a slo
|
| 044 |
|
|
|a xo
|c SK
|
| 080 |
|
|
|a 793.31.091.4
|2 1981
|
| 080 |
|
|
|a 784.4.091.4
|2 1981
|
| 100 |
1 |
|
|a Gábriková, Oľga
|4 aut
|9 945458
|
| 245 |
1 |
0 |
|a Odkrývanie tradícií
|b Po 33. ročníku FFV
|c Oľga Gábriková
|
| 650 |
0 |
7 |
|a Východná 1987 Východná, Slovensko
|2 snkbucl
|9 945346
|
| 651 |
|
7 |
|a 5304
|2 snkbucl
|9 277630
|
| 655 |
|
7 |
|a články z novín a časopisov
|2 snkbucl
|9 267496
|
| 773 |
0 |
|
|t Nové slovo
|g Roč. 29, č. 28 (1987)
|
| 850 |
|
|
|a Slovenská národná knižnica v Martine
|a MTA001
|
| 852 |
|
|
|a SNK
|b KIS3GCP
|
| 958 |
|
|
|a RK
|
| 992 |
|
|
|a RBX
|
| 999 |
|
|
|c 1505421
|d 1507351
|